Guess the Taylor Swift Song with No Hints - 14 - Statistics

General Stats
  • This quiz has been taken 42 times
  • The average score is 371 of 424
Answer Stats
Answer % Correct
a
100%
I
100%
I,
100%
in
100%
it
100%
It
100%
you
100%
You
100%
And
97%
and
97%
do
97%
no
97%
was
97%
we
97%
all
93%
all,
93%
know
93%
me
93%
my
93%
the
93%
The
93%
there
93%
there,
93%
to
93%
We're
93%
were
93%
when
93%
with
93%
at
90%
But
90%
but
90%
'Cause
90%
'cause
90%
got
90%
it's
90%
like
90%
of
90%
on
90%
remember
90%
So
90%
so
90%
too
90%
Too
90%
why
90%
your
90%
Your
90%
about
86%
again
86%
are
86%
be
86%
dancing
86%
down
86%
Down
86%
ever
86%
here
86%
I'm
86%
kitchen
86%
light
86%
lost
86%
something
86%
street
86%
that
86%
walk
86%
well
86%
well,
86%
call
83%
cold
83%
could
83%
door
83%
future
83%
get
83%
gone
83%
hair,
83%
home
83%
house
83%
I'd
83%
just
83%
little
83%
long
83%
middle
83%
night
83%
now
83%
Now
83%
old
83%
picture
83%
red
83%
refrigerator
83%
remember
83%
scarf
83%
sister's
83%
stairs,
83%
still
83%
up
83%
you've
83%
air
79%
back
79%
Back
79%
being
79%
'bout
79%
break
79%
by
79%
can
79%
car,
79%
casually
79%
counter
79%
cruel
79%
disposition
79%
drawer
79%
enough
79%
even
79%
felt
79%
forget
79%
honest
79%
left
79%
lookin'
79%
loved
79%
more
79%
name
79%
needed
79%
not
79%
Oh,
79%
okay
79%
one
79%
over
79%
paper
79%
past
79%
piece
79%
promise
79%
reminds
79%
'round
79%
self
79%
sweet
79%
team
79%
telling
79%
these
79%
thing
79%
thinking
79%
through
79%
town
79%
turning
79%
walked
79%
Wind
79%
album
76%
almost
76%
Autumn
76%
bed
76%
can't
76%
cheeks
76%
days
76%
else
76%
find
76%
fine
76%
from
76%
gaze
76%
glasses
76%
innocence
76%
keep
76%
kid
76%
leaves
76%
lying
76%
made
76%
might
76%
mother's
76%
nothing
76%
own
76%
real
76%
rid
76%
smells
76%
somehow
76%
stories
76%
told
76%
trying
76%
twin-sized
76%
used
76%
very
76%
week
76%
after
72%
After
72%
alone
72%
falling
72%
first
72%
known
72%
mail
72%
Photo
72%
ran
72%
rare,
72%
shirt
72%
tee-ball
72%
things
72%
Time
72%
upstate
72%
wide-eyed
72%
won't
72%
yeah
72%
before
69%
crumpled
69%
fly,
69%
getting
69%
magic's
69%
pieces
69%
place
69%
into
66%
nights
66%
paralyzed
66%
singing
66%
plaid
62%
No matching quizzes found
Score Distribution
Percent of People with Each Score
Percentile by Number Answered
Your Score History
You have not taken this quiz